| 000 | 00722nam a22002057a 4500 | ||
|---|---|---|---|
| 005 | 20250924095338.0 | ||
| 100 | _aRaghavan, P. | ||
| 245 | _aRational design and fatigue properties of robust rubber nanocomposites for a sustainable future | ||
| 260 | _bInternational Rubber Conference-Rubber Con 2024: Sustainable Development in Rubber Industry-Challenges and Opportunities, 5-7 December 2024, Indian Rubber Institute, Kochi, India, p. 90. | ||
| 300 | _bAbstract only | ||
| 650 | _aNanocomposite | ||
| 650 | _aSustainability | ||
| 650 | _aRubber composite | ||
| 650 | _aNanofillers | ||
| 650 | _aFatigue properties | ||
| 700 | _aDavid, D.A. | ||
| 700 | _aSasidharan, S.P. | ||
| 700 | _aGeorge, J. | ||
| 942 | _cJS | ||
| 999 |
_c75644 _d75644 |
||